[Event "Reykjavik Summit"]
[Site "Reykjavik"]
[Date "1990.??.??"]
[Round "?"]
[White "Norwood, David"]
[Black "Tukmakov, Vladimir B"]
[Result "1/2-1/2"]
[WhiteElo "2530"]
[BlackElo "2570"]
[Annotator "Horn,Pe"]
[PlyCount "111"]
[EventDate "1990.03.??"]
[EventType "team"]
[EventRounds "6"]
[EventCountry "ISL"]
[SourceTitle "CBM 018"]
[Source "ChessBase"]
[SourceDate "1990.10.01"]
[SourceVersion "1"]
[SourceVersionDate "1990.10.01"]
[SourceQuality "1"]

1. Nf3 d5 2. g3 g6 3. Bg2 Bg7 4. O-O e5 5. d3 Ne7 6. e4 O-O 7. Nc3 c6 (7... d4
8. Ne2 Nbc6 9. c3 Bg4 {Azmayparashvili-Kupreichik, Kuybyshev 1986}) 8. Bd2 $5 {
N} (8. Qe2 Nd7 9. Bd2 a5 10. exd5 Nxd5 11. Rfe1 b6 12. Rad1 Bb7 $10 {
Hug-Andersson, Palma de Mallorca 1972}) 8... h6 (8... a5 $5) 9. b4 $5 {W
leitet ein Spiel am Q-Flügel ein.} Be6 10. Re1 Nd7 11. a4 Rc8 12. a5 a6 (12...
c5 $5) 13. Na4 Qc7 14. Rb1 Rfd8 15. Qc1 $1 {/\ c4,Bh6} Kh7 16. c4 $14 dxc4 17.
dxc4 Ng8 18. c5 Ngf6 19. Bc3 Ne8 20. h4 (20. Qb2 $5 {/\ Nb6} f6 21. Rbd1) 20...
Qb8 {/\ Nc7-b5} 21. Qb2 f6 22. h5 g5 {/\ Bg4} 23. Nh2 {/\ Bf3-g4} Nc7 24. Bf3
Nb5 25. Bg4 Nf8 26. Nb6 $6 (26. Rbd1 $14) 26... Bxg4 27. Nxg4 Rd3 $1 28. Re3
Rcd8 29. Rc1 Ne6 30. Qa2 $5 Rd1+ 31. Be1 (31. Rxd1 Rxd1+ 32. Kg2) 31... Nbc7 (
31... Rxc1 32. Qxe6 Qc7 33. Qf5+ Kh8 34. Nxf6 Bxf6 35. Qxf6+ Kg8) 32. Qc2 Rxc1
33. Qxc1 Nd4 34. Bc3 Ncb5 35. Kg2 Qc7 36. Nh2 Qf7 37. g4 Ne6 38. Nf1 Nf4+ 39.
Kf3 {/\ Ng3} Nxh5 40. gxh5 Rd1 41. Qc2 Rxf1 42. Kg2 Na3 43. Qe2 (43. Qb2 Nc4)
43... Rb1 44. Qg4 Nb5 45. Rd3 f5 46. exf5 Nxc3 47. Rxc3 e4 48. f6 (48. Re3)
48... Bxf6 49. Qxe4+ Kg8 50. Rd3 Qxh5 51. Qe6+ Qf7 52. Qc8+ Kg7 53. Rd7 Be7 54.
Qxb7 Rb2 55. Rxe7 Rxf2+ 56. Kg1 1/2-1/2

[Event "Veterans-Women"]
[Site "Monte Carlo"]
[Date "1994.??.??"]
[Round "1"]
[White "Arakhamia Grant, Ketevan"]
[Black "Spassky, Boris Vasilievich"]
[Result "0-1"]
[WhiteElo "2485"]
[BlackElo "2565"]
[Annotator "Horn,Pe"]
[PlyCount "60"]
[EventDate "1994.06.??"]
[EventType "schev"]
[EventRounds "6"]
[EventCountry "MNC"]
[SourceTitle "CBM 042"]
[Source "ChessBase"]
[SourceDate "1994.10.01"]
[SourceVersion "1"]
[SourceVersionDate "1994.10.01"]
[SourceQuality "1"]

1. Nf3 d5 2. g3 c5 3. c4 dxc4 4. Qa4+ (4. Na3 f6 5. Nxc4 e5) 4... Nc6 (4... Nd7
5. Bg2 a6 6. Qxc4 b5 7. Qc2 Bb7 8. O-O Ngf6 $10 {Bischoff-Greenfeld/Vidmar mem/
1989}) 5. Bg2 Bd7 6. Qxc4 e6 7. O-O Nf6 $6 (7... Rc8 $1 8. Nc3 (8. d4 $6 b5 $1
9. Qxb5 (9. Qc3 cxd4 10. Nxd4 Nb4 $15) 9... Nxd4 10. Qd3 Bb5) 8... Nf6 9. d4 $6
b5 $1 10. Qd3 (10. Qxb5 $2 cxd4) (10. Nxb5 $2 Na5 11. Qd3 c4) 10... cxd4 11.
Nxd4 Ne5 12. Qd1 Qb6 $10 {Hug-Kortschnoj/Schweiz/1978}) 8. d3 (8. d4 $1 $14 {
->E04}) 8... Be7 9. b3 O-O 10. Bb2 Rc8 11. Nbd2 b5 12. Qc3 (12. Qxb5 $2 Nd4 13.
Qc4 $4 Bb5 14. Qc3 Nxe2+ $19) (12. Qc2 Nd4 13. Nxd4 cxd4 14. Qd1 Bc6) 12... Qb6
13. a3 Rfd8 14. Rac1 Bf8 15. e3 Be8 16. Qc2 Nd5 17. Ne4 $6 (17. Rfd1 $10) 17...
Na5 18. d4 $2 (18. Rfd1) 18... c4 (18... cxd4 19. Qxc8 Rxc8 20. Rxc8 $13) 19.
b4 Nb3 20. Rcd1 a5 $1 21. Nc5 (21. bxa5 Qxa5) 21... axb4 22. Ng5 g6 23. axb4
Nxb4 24. Qc3 Nd5 25. Bxd5 exd5 26. Nxb3 b4 $1 (26... cxb3 27. Qxb3 $13) 27. Qd2
(27. Qc2 Ba4 $19) (27. Qc1 Ba4 28. Nc5 Bxd1 29. Qxd1 c3 30. Ba1 Bxc5 31. dxc5
Qxc5 $19) (27. Qe1 Ba4 28. Nc5 Bxd1 29. Qxd1 c3 $19) 27... Ba4 $1 28. Nc5 (28.
Na1 c3 $19) 28... Bxd1 29. Qxd1 Qf6 30. Qg4 Bxc5 0-1

[Event "YUG-ch"]
[Site "Kladovo"]
[Date "1990.??.??"]
[Round "?"]
[White "Nikolic, Zivoslav"]
[Black "Cabrilo, Goran"]
[Result "1-0"]
[WhiteElo "2455"]
[BlackElo "2480"]
[Annotator "Horn,Pe"]
[PlyCount "97"]
[EventDate "1990.02.??"]
[EventType "tourn"]
[EventRounds "15"]
[EventCountry "YUG"]
[EventCategory "9"]
[SourceTitle "CBM 017"]
[Source "ChessBase"]
[SourceDate "1990.08.01"]
[SourceVersion "1"]
[SourceVersionDate "1990.08.01"]
[SourceQuality "1"]

1. g3 d5 2. Bg2 Nf6 3. Nf3 c6 4. O-O Bg4 5. h3 Bh5 6. c4 e6 7. Qb3 Qb6 8. d3
Nbd7 9. Be3 (9. g4 Bg6 10. Nh4 Qc7 11. cxd5 exd5 12. Nd2 Be7 $10 {Nikolic,
Z-Vasilevic, Jugoslawien 1989}) (9. Nc3 Nc5 10. Qxb6 axb6 11. Be3 Be7 12. cxd5
Bxf3 13. Bxf3 Nxd5 $10 {Suba-Arkell, London 1989}) 9... Bc5 10. Bxc5 Nxc5 (
10... Qxb3 $6 11. axb3 Nxc5 12. b4 $14) 11. Qc2 Bxf3 12. Bxf3 d4 $6 {macht den
Bf3 sehr stark} 13. Nd2 a5 14. Rab1 e5 15. b3 O-O 16. a3 Ra7 17. Bg2 Qc7 18.
Rfe1 h6 19. e3 (19. b4 axb4 20. axb4 Na4) 19... Ne6 20. Nf3 Qd6 21. exd4 Nxd4
22. Nxd4 Qxd4 23. Re3 Raa8 24. Rbe1 Rfe8 25. b4 axb4 26. axb4 Re6 27. b5 Ra3
28. bxc6 bxc6 29. Qb1 Qa7 30. R3e2 (30. Rxe5 $4 Rxe5 31. Rxe5 Ra1) 30... Qd4 $6
31. Rxe5 Rxe5 32. Qb8+ Kh7 33. Qxe5 Rxd3 $2 (33... Qxd3 $1 34. Qe7 (34. Qxf6
gxf6 35. Be4+ Qxe4 36. Rxe4 Rc3 $14) (34. Qc5 Rc3 35. Bf1 (35. Qxc6 Qxc4) 35...
Qd7 36. Re7 Qd1 37. Qxc6 Rc1 38. Qg2 Rxc4 39. Rxf7 Rc1) 34... Rc3) 34. Bxc6 g6
(34... Qxc4 35. Bb5) 35. Qxd4 Rxd4 36. Rc1 Kg7 37. Bf3 Kf8 38. c5 Ne8 39. h4 h5
40. Kg2 Ke7 41. Rd1 Rxd1 42. Bxd1 Nc7 43. Kf3 f6 44. Ke4 Ne6 45. c6 Kd6 46. Bb3
Nc7 47. Bf7 g5 48. hxg5 fxg5 49. Bxh5 1-0

[Event "YUG-ch"]
[Site "Kladovo"]
[Date "1990.??.??"]
[Round "?"]
[White "Lazic, Miroljub"]
[Black "Dizdar, Goran"]
[Result "1/2-1/2"]
[WhiteElo "2495"]
[BlackElo "2470"]
[Annotator "Horn,Pe"]
[PlyCount "52"]
[EventDate "1990.02.??"]
[EventType "tourn"]
[EventRounds "15"]
[EventCountry "YUG"]
[EventCategory "9"]
[SourceTitle "CBM 017"]
[Source "ChessBase"]
[SourceDate "1990.08.01"]
[SourceVersion "1"]
[SourceVersionDate "1990.08.01"]
[SourceQuality "1"]

1. Nf3 d5 2. g3 Bg4 3. Bg2 c6 4. O-O Nd7 5. d3 e6 6. Nbd2 Bd6 7. Qe1 Ne7 8. e4
O-O 9. h3 (9. Nh4 $6 Qb6 10. Kh1 Bh5 11. f4 Ng6 12. Nxg6 Bxg6 13. g4 Rfe8 14.
f5 $2 exf5 15. gxf5 Bh5 16. Qh4 Nf6 $15 {Palatnik-Vasiukov, URS-ch 1973}) 9...
Bxf3 (9... Bh5 10. b3) 10. Nxf3 Qb6 11. Kh1 a5 12. Nd2 a4 13. Rb1 a3 14. b3 Bb4
15. Qe2 Bc3 16. b4 $1 Ra4 17. Rb3 Bb2 (17... Bxb4 $4 18. c3) 18. Bxb2 axb2 19.
a3 $1 $16 (19. Rxb2 Rxb4 20. Rxb4 Qxb4 $17) 19... Nc8 20. Nb1 Qa6 21. b5 (21.
Rxb2) 21... Qa5 22. bxc6 bxc6 23. exd5 (23. Rxb2) 23... exd5 24. c4 $2 (24.
Rxb2) 24... dxc4 25. dxc4 Qc5 26. Qxb2 Rxc4 1/2-1/2

[Event "Hastings 9192"]
[Site "Hastings"]
[Date "1991.??.??"]
[Round "8"]
[White "Hodgson, Julian M"]
[Black "Shirov, Alexei"]
[Result "1/2-1/2"]
[WhiteElo "2570"]
[BlackElo "2610"]
[Annotator "Horn,Pe"]
[PlyCount "126"]
[EventDate "1991.12.??"]
[EventType "tourn"]
[EventRounds "14"]
[EventCountry "ENG"]
[EventCategory "14"]
[SourceTitle "CBM 027"]
[Source "ChessBase"]
[SourceDate "1992.04.01"]
[SourceVersion "1"]
[SourceVersionDate "1992.04.01"]
[SourceQuality "1"]

1. g3 d5 2. Nf3 Bg4 3. Bg2 Nd7 4. O-O e6 5. d3 Bd6 6. Nbd2 Ne7 7. h3 Bh5 8. e4
O-O 9. Qe1 c6 10. e5 {N} (10. Nh4 Qc7 (10... Kh8 $5 11. f4 f5) 11. d4 Ng6 12.
Nhf3 Bxf3 (12... f5 $5) 13. Nxf3 dxe4 14. Qxe4 e5 $10 {Langeweg-Keres,
Amsterdam 1971}) 10... Bc7 11. g4 Bg6 12. b3 c5 13. Bb2 Nc6 14. Qe2 Qe7 15. a3
b5 {/\ c4} 16. c4 bxc4 17. dxc4 Rab8 18. cxd5 exd5 19. Rfe1 c4 20. e6 Nc5 (
20... fxe6 $2 21. Qxe6+ Qxe6 22. Rxe6 Na5 23. b4 $16) 21. exf7+ Qxf7 22. Ng5
Qd7 23. Ne6 Bb6 $1 (23... Nxe6 $2 24. Qxe6+ Qxe6 (24... Rf7 25. Bxd5) 25. Rxe6
$18) 24. Nxf8 Rxf8 25. Nxc4 $1 (25. bxc4 Nd3 $19) 25... dxc4 26. Qxc4+ Kh8 27.
Bxc6 Qxc6 28. Re7 Rf6 29. Rae1 h6 30. Bxf6 Qxf6 31. Re8+ (31. b4 Ne4 32. R7xe4
Qxf2+ 33. Kh1 Qf3+ 34. Kh2 Qf2+ 35. Kh1 $10) 31... Bxe8 32. Rxe8+ Kh7 33. Qc2+
(33. Qg8+ Kg6 34. b4 Qa1+ 35. Kg2 Nd3 36. Re6+ (36. Qe6+ Qf6 37. Qe4+ Kf7) (36.
Rf8) 36... Kg5 37. Qf7 Nf4+ (37... Ne1+ 38. Rxe1 Qxe1 39. Qf5+ Kh4 40. Qh5#)
38. Kh2 Bc7 $1 (38... Qd4 39. Rg6+ Kh4 (39... Nxg6 40. Qf5+ Kh4 41. Qh5#) 40.
Qe7+ $18) (38... Nxe6 39. Qf5+ Kh4 40. Qh5#) 39. Qxc7 (39. Qf5+ Kh4) (39. Re7
Ne2+ 40. Rxc7 Qg1#) 39... Nxe6 $19) 33... g6 34. Qe2 Kg7 35. Kg2 Nxb3 36. Re7+
Kf8 37. Re6 Qf7 38. Re4 Nd4 39. Qe3 Ne6 40. Qxh6+ Ke8 41. Qd2 Qb7 42. f3 Kf7
43. Qa2 Qc6 44. h4 Bc7 45. Qc4 Qd6 46. f4 Bb8 47. a4 a5 48. g5 Ke7 49. Kg3 Qb6
50. Kf3 Qd6 51. Qb3 Bc7 52. Kg4 Kd7 53. Re5 Nxf4 54. Qb5+ Kc8 55. Re8+ Bd8 56.
Qc4+ Kd7 57. Qb5+ Kc8 58. Qc4+ Kd7 59. Qf7+ Kc8 60. Rxd8+ Kxd8 61. Qxf4 Qd1+
62. Kg3 Qg1+ 63. Kf3 Qf1+ 1/2-1/2

[Event "Kecskemet"]
[Site "Kecskemet"]
[Date "1992.??.??"]
[Round "8"]
[White "Weindl, Alfred"]
[Black "Hracek, Zbynek"]
[Result "0-1"]
[WhiteElo "2365"]
[BlackElo "2460"]
[Annotator "Horn,Pe"]
[PlyCount "70"]
[EventDate "1992.04.??"]
[EventType "tourn"]
[EventRounds "13"]
[EventCountry "HUN"]
[EventCategory "9"]
[SourceTitle "CBM 029"]
[Source "ChessBase"]
[SourceDate "1992.08.01"]
[SourceVersion "1"]
[SourceVersionDate "1992.08.01"]
[SourceQuality "1"]

1. Nf3 d5 2. g3 c6 3. Bg2 Bf5 4. O-O e6 5. d3 h6 6. Nbd2 Nf6 7. b3 Bc5 8. Bb2
Nbd7 $2 (8... O-O) 9. e4 $1 Bh7 (9... dxe4 10. dxe4 Nxe4 11. Bxg7) 10. Qe2 (10.
e5 $1 Ng8 $16) 10... O-O 11. e5 Ne8 12. Kh1 Nc7 13. Nd4 $6 (13. Bh3) (13. Ne1)
13... a5 14. a4 Be7 15. f4 c5 16. Nb5 $2 (16. N4f3 b5 $132) 16... Nxb5 17. axb5
Nb6 18. g4 $2 (18. Bh3 Qd7) (18. Nb1 c4 19. bxc4 dxc4 20. dxc4 Qc7 21. Na3 Rfd8
) (18. Rf3 $5 Qd7 19. c4 Rfd8 $17) 18... Qd7 19. c4 dxc4 20. Nxc4 Qxb5 (20...
Bxd3 21. Nxb6 Qd8 $1 (21... Bxe2 22. Nxd7 Bxf1 23. Rxf1 Rfd8 24. Nb6) 22. Qe3 (
22. Rfd1 Bxe2 23. Rxd8 Raxd8 $19) 22... Bxf1 23. Bxf1 (23. Nxa8 Bxg2+ 24. Kxg2
Qd5+ 25. Kg3 Rxa8 $19) 23... Qxb6 $17) 21. f5 Rfd8 22. fxe6 fxe6 23. Qf3 Nxc4
24. dxc4 (24. Qf7+ Kh8 25. dxc4 Qxb3 26. Qxe7 Qxb2 27. Qxe6 Rd2 $19) 24... Qe8
25. Qxb7 Rab8 26. Qc7 Rxb3 27. Ba3 Bd3 28. Rfd1 Bxc4 29. Bxc5 Rxd1+ 30. Rxd1
Bxc5 31. Qxc5 Be2 32. Ra1 a4 33. h3 Bf3 34. Rc1 Bxg2+ 35. Kxg2 a3 0-1

[Event "Elgoibar 08th"]
[Site "Elgoibar"]
[Date "1998.11.26"]
[Round "6"]
[White "Ubilava, Elizbar"]
[Black "Van der Wiel, John"]
[Result "0-1"]
[WhiteElo "2540"]
[BlackElo "2520"]
[Annotator "Horn,Pe"]
[PlyCount "56"]
[EventDate "1998.11.11"]
[EventType "tourn"]
[EventRounds "9"]
[EventCountry "ESP"]
[EventCategory "10"]
[SourceTitle "CBM 069"]
[Source "ChessBase"]
[SourceDate "1999.04.01"]
[SourceVersion "1"]
[SourceVersionDate "1999.04.01"]
[SourceQuality "1"]

1. Nf3 {Baburin} d5 2. g3 c6 3. Bg2 Bg4 4. d3 Nd7 5. Nbd2 e6 6. O-O Bd6 7. e4
Ne7 8. Qe1 Bh5 $146 (8... O-O {ist 08/15.}) 9. a3 {Vielleicht traute Ubilava
Van der Wiel die lange Rochade zu und machte deswegen eine kleine
Demonstration.} O-O {Nun ist a3 kein gar so schrecklicher Zug.} 10. b3 Re8 11.
Bb2 e5 12. Bh3 {Nun entsteht ein taktisches Geplänkel um die Frage, welcher
weißfeldrige B nun schlecht steht.} (12. Nh4 $5) 12... Ng6 13. Bf5 (13. g4 $2
Nf4 $19) 13... Nf6 14. h3 $2 {Damit überspannt Weiß den Bogen.} (14. h4 $11)
14... Ne7 15. Nh2 (15. g4 {Das könnte Ubilava (bei 14.h3) beabsichtigt haben.}
Nxf5 16. exf5 (16. gxh5 Nh6 $17) 16... Nxg4 17. hxg4 Bxg4 $17 {Schwarz bekommt
noch einen Bauern und hat wegen des nackten Kg1 die besseren Aussichten.}) (15.
Bxe5 Nxf5 16. exf5 Qd7 $1 $19) 15... Nxf5 16. exf5 e4 $1 17. Bxf6 (17. dxe4
Nxe4 18. Nxe4 Rxe4 $19) (17. g4 Qc7 $19) 17... Qxf6 18. dxe4 dxe4 (18... Be5 $5
) 19. Nc4 (19. g4 Bxh2+ 20. Kxh2 Bxg4 21. hxg4 Qh4+ 22. Kg2 Qxg4+ 23. Kh2 Qh4+
24. Kg2 Qg5+ 25. Kh1 Rad8 26. Nc4 Qxf5 $19) 19... Bc7 20. Ne3 (20. g4 b5 21.
Ne3 Qd6 $19) 20... Rad8 21. Kg2 (21. g4 $2 Qd6 $19) 21... Bf3+ {'!' Baburin.
Baburin: 'This is the most forceful way to cash in the benefits of Black's
position.'} 22. Nxf3 exf3+ 23. Kxf3 (23. Kh2 Qg5 $19) 23... Qe5 {[%cal Re5e4]
'!' Baburin. Baburin: 'This move and the subsequent manoeuvre is the whole
point of the pawn sacrifice, started with 21...Bf3+!.'} 24. Kg2 Qe4+ 25. Kh2
Qf3 {[%cal Rh7h5,Rh5h4] '!' Baburin. Baburin: 'White is almost paralysed now.'}
26. Rc1 {Weiß ist hilflos.} h5 {'!' Baburin. Baburin: 'This move forces White
to weaken his kingside, as White cannot allow ...h4.'} 27. h4 Rd4 {'!' Baburin.
} 28. Kg1 Rxh4 {'!' Baburin. Baburin: 'That's it - White resigned, as the line
29 gxh4 Qh3 30 f4 Rxe3 is hopeless for him.'} 0-1

[Event "SWE-ch"]
[Site "Linkoping"]
[Date "2001.07.11"]
[Round "11"]
[White "Eriksson, Anders"]
[Black "Hector, Jonny"]
[Result "0-1"]
[WhiteElo "2335"]
[BlackElo "2546"]
[Annotator "Horn,Pe"]
[PlyCount "78"]
[EventDate "2001.06.30"]
[EventType "tourn"]
[EventRounds "13"]
[EventCountry "SWE"]
[EventCategory "8"]
[SourceTitle "CBM 085"]
[Source "ChessBase"]
[SourceDate "2001.11.13"]
[SourceVersion "1"]
[SourceVersionDate "2001.11.13"]
[SourceQuality "1"]

1. Nf3 d5 2. g3 Bg4 3. Bg2 Nd7 4. O-O e5 5. d3 Ngf6 6. Nbd2 h6 7. e4 dxe4 8.
dxe4 Bc5 9. Qe2 (9. Qe1 Qe7 10. Nb3 Bb6 11. a4 a5 12. Bd2 Be6 $15 {Karpenter,
X-Trikaliotis,G/Athens 1972}) 9... O-O 10. Nc4 Re8 $146 (10... Qe7 11. Ne3 Bxe3
12. Qxe3 (12. Bxe3 Nxe4 $15) 12... Rfe8 13. Re1 (13. h3 Be6 $11) 13... Qc5 14.
Qxc5 (14. h3 $5 Be6 (14... Bxf3 15. Qxc5 Nxc5 16. Bxf3 $14) 15. Qxc5 Nxc5 16.
Nxe5 $14) 14... Nxc5 15. Nd2 Ne6 $11 {Yuferov,S-Balashov,Y/Barnaul 1969}) 11.
Bd2 ({Naheliegend war} 11. Rd1 Qe7 12. h3) 11... Bh5 12. b4 Bf8 13. Rfd1 (13.
a4) 13... b5 14. Nb2 {Vermutlich ahnte Eriksson hier noch nichts Böses.} (14.
Na5 $142 c5 15. a4 bxa4 16. b5) 14... c5 {Energisch gespielt: angesichts der
nicht sonderlich aktiven weißen Leichtfiguren kann sich Schwarz die Öffnung
des Damenflügels leisten.} 15. a3 (15. bxc5 Bxc5 16. Nd3 Bb6 $15) ({Am besten
gefällt mir hier} 15. a4 cxb4 16. axb5 $11) 15... c4 {[%csl Rb2] Kerkert den
Nb2 ein.} 16. a4 Qc7 {[%cal Rc4c3]} 17. c3 $2 (17. Bc3 $15 {würde wenigstens
dem Bc3 eine sinnvolle Aufgabe bescheren.}) 17... a6 $17 18. Re1 Nb6 19. Qd1 (
19. a5 Nbd7 20. Rad1 $15 {wäre das Eingeständnis, daß Weiß in der a-Linie
nichts erreichen kann; immerhin bliebe der Damenflügel geschlossen und es
würde lange dauern, bis sich konkrete Ziele auftun.}) ({Nach} 19. axb5 axb5 {
ist} 20. Ra5 $2 {ist nicht erlaubt:} Rxa5 21. bxa5 Nbd7 $17) 19... a5 $1 {
Nun öffnet Schwarz den Damenflügel zu seinen Gunsten.} 20. bxa5 (20. axb5 axb4
$17) 20... Rxa5 21. axb5 Rea8 (21... Rxb5 {überläßt Weiß die a-Linie.}) 22.
Rxa5 Rxa5 23. Qc2 Nfd7 24. Nh4 $2 (24. Be3 {gefällt mir besser.}) 24... Qc5 $1
{Die Q soll auf b5 nehmen, damit Schwarz die Kontrolle über die a-Linie behält.
} (24... Rxb5 $143 25. Ra1) 25. Rb1 (25. Nf5 Qxb5 26. Rb1 Ra2 $17) 25... Ra2
26. Qc1 $2 {bereitet den kommenden Selbstmord vor.} (26. Bf3 Bxf3 27. Nxf3 Qxb5
28. Be3 $17) 26... Qxb5 27. Nd3 $2 (27. Nd1 $2 Rxd2 $1 $19) 27... Qxb1 $1 $19
28. Qxb1 Rxd2 29. Nc1 (29. Nb2 Ba3 $19) 29... Rd1+ 30. Bf1 Ba3 31. Qa2 Bxc1 32.
Kg2 Rd2 33. Qa6 Rb2 34. Nf5 Bd2 35. Qa3 Rc2 36. Qe7 Kh7 37. Qd8 Bg5 38. Qe8 Ra2
39. h4 Bf6 0-1

[Event "YUG-ch"]
[Site "Tivat"]
[Date "1994.??.??"]
[Round "6"]
[White "Nikolic, Zivoslav"]
[Black "Miladinovic, Igor"]
[Result "1-0"]
[WhiteElo "2485"]
[BlackElo "2480"]
[Annotator "Horn,Pe"]
[PlyCount "135"]
[EventDate "1994.03.??"]
[EventType "tourn"]
[EventRounds "13"]
[EventCountry "YUG"]
[EventCategory "10"]
[SourceTitle "CBM 043"]
[Source "ChessBase"]
[SourceDate "1994.12.01"]
[SourceVersion "1"]
[SourceVersionDate "1994.12.01"]
[SourceQuality "1"]

1. g3 d5 2. Bg2 Nf6 3. Nf3 c6 4. O-O Bg4 5. h3 Bh5 6. c4 e6 7. Qb3 Qb6 8. d3
Bxf3 (8... Bd6 $10) (8... Nbd7 9. g4 Bg6 10. Nh4 Qc7 11. cxd5 exd5 12. Nd2 Be7
13. Ndf3 Bc5 $13 {Z.Nikolic-Vasilevic/JUG-chT/1989}) 9. Bxf3 Nbd7 10. Be3 Bc5
11. Bxc5 Nxc5 12. Qc2 d4 13. Nd2 a5 14. b3 O-O 15. a3 e5 16. Rab1 Qc7 $146 (
16... Ra7 17. Bg2 Qc7 18. Rfe1 h6 19. e3 Ne6 20. Nf3 Qd6 21. exd4 Nxd4 22. Nxd4
Qxd4 23. Re3 Raa8 $10 {Z.Nikolic-Cabrilo/JUG-ch/1990}) 17. Ra1 Qb6 18. Rab1
Rfe8 (18... Qc7 $10) 19. b4 axb4 20. axb4 Na4 21. c5 Qc7 22. Nc4 Nc3 23. Nd6
Red8 (23... Nxb1 24. Nxe8 Nxe8 25. Rxb1) 24. Ra1 g6 25. Qb2 Ne8 26. Ne4 Nxe4 (
26... Nb5 $10) 27. Bxe4 Qe7 28. b5 Rxa1 29. Qxa1 cxb5 (29... Qxc5 30. bxc6 bxc6
31. Rc1 $10) 30. Qa7 Rd7 31. Rb1 f5 32. Bg2 e4 33. Rxb5 Nf6 34. Qa2+ (34. Qa8+
$1 Kg7 35. c6 bxc6 36. Qxc6 $10) 34... Kg7 35. Qc4 h5 36. Rb6 Qf7 37. Qxf7+
Kxf7 38. c6 bxc6 39. Rxc6 Ke7 40. f3 exd3 41. exd3 $10 Ra7 42. f4 $6 (42. Rc4
$10) 42... Ra1+ 43. Kf2 Ra2+ 44. Kf3 $4 (44. Kg1 Rd2 45. Rc7+ (45. Bf1 $4 Nd5
46. Rc4 (46. Rxg6 Ne3 47. Rg5 Rd1 $19) 46... Ne3 47. Rxd4 Rd1 48. Kf2 Nxf1 49.
Ke2 Ra1) 45... Kd8 46. Rc6 Ke7 47. Rc7+ Kd6 48. Rc6+ $10) 44... Nd5 $4 (44...
Ng4 $19) 45. Bf1 (45. Rxg6 Ne3 46. Bh1 Rh2 $19) 45... Ra1 46. Kf2 Ra2+ 47. Ke1
$2 (47. Kf3) 47... Nc3 (47... Ne3 $5 48. Be2 h4 (48... Kf7 49. h4 $1 (49. Rd6
h4 50. gxh4 Ng2+ 51. Kd1 (51. Kf1 Nxf4 52. Bf3 Nxd3) 51... Nxf4 52. Bf3 Nxd3
53. Rxd4 Nf2+ 54. Ke1 Nxh3) 49... Ra1+ 50. Kf2 (50. Kd2) 50... Rh1 51. Rd6 Rh2+
52. Ke1 Rg2 53. Kd2 Rxg3 (53... Nf1+ 54. Ke1 Nxg3 55. Bd1 Rg1+ 56. Kd2 (56. Kf2
Rxd1 57. Kxg3 Rxd3+) 56... Nf1+ 57. Ke2 Ne3 58. Bb3+ Ke7 59. Rxd4 Ng4) 54. Rxd4
Ng2) 49. Rxg6 (49. gxh4 $2 Ng2+ 50. Kf1 Nxf4 51. Bd1 Rd2 $19) 49... Ng2+ 50.
Kf2 hxg3+ 51. Kxg2 (51. Rxg3 Nxf4 $19) 51... Rxe2+ 52. Kxg3 Re3+ 53. Kh4 Rxd3
$10) 48. Rxg6 Ra1+ 49. Kf2 Nd1+ 50. Kf3 Ra2 51. Be2 Nc3 52. Bf1 Rh2 $2 (52...
Nd1 $10) 53. g4 (53. Bg2 Nd1 54. g4 Ne3) 53... Nd1 54. Bg2 fxg4+ $142 $2 $18 (
54... Ne3 55. gxf5 Nxg2 56. Rxg2 Rxh3+ 57. Ke4 $16) 55. Kg3 Rxg2+ 56. Kxg2
gxh3+ 57. Kxh3 Nf2+ 58. Kg3 Nxd3 59. Kf3 Nb4 60. Rh6 d3 61. Rxh5 Ke6 62. Ke4 d2
63. Rh6+ Ke7 64. Rh1 Na2 65. Kd3 Nb4+ 66. Kxd2 Nd5 67. Rh4 Kf6 68. Ke2 1-0

[Event "ARG-World"]
[Site "Buenos Aires"]
[Date "1994.??.??"]
[Round "3"]
[White "Casafus, Ruben Andres"]
[Black "Mascarinas, Rico"]
[Result "1/2-1/2"]
[WhiteElo "2430"]
[BlackElo "2410"]
[Annotator "Horn,Pe"]
[PlyCount "163"]
[EventDate "1994.04.??"]
[EventType "schev"]
[EventRounds "10"]
[EventCountry "ARG"]
[SourceTitle "CBM 042"]
[Source "ChessBase"]
[SourceDate "1994.10.01"]
[SourceVersion "1"]
[SourceVersionDate "1994.10.01"]
[SourceQuality "1"]

1. Nf3 {Hecht} Nf6 2. g3 d5 3. Bg2 c6 4. O-O Bg4 5. d3 Nbd7 6. Nbd2 e5 7. e4
dxe4 8. dxe4 h6 9. h3 Be6 10. Qe2 (10. Ne1 Nc5 11. Qe2) 10... Qc7 $146 (10...
Bc5 11. b3 b5 12. Bb2 Qb8 13. Ne1 O-O 14. Nd3 Bb6 15. Kh1 $36 {/\ h4}) 11. a4
Bc5 12. b3 $6 (12. Ne1 {/\ Nd3}) 12... Nh7 $5 {/\ Ng5} 13. Nc4 (13. Bb2 Ng5 14.
h4 Nxf3+ 15. Bxf3) (13. Ne1 $6 Bd4) 13... O-O 14. Bb2 Ng5 15. h4 (15. Nxg5 hxg5
16. Ne3) 15... Nxf3+ 16. Bxf3 Rfe8 17. Kg2 (17. Rfd1 $5 {><d4}) 17... b5 18.
Ne3 Bd4 19. Rfb1 a6 20. Nd1 Nf6 21. c3 Bc5 22. Bc1 (22. b4 Bc4 23. Qe1 Ba7 $15)
(22. Ba3 $5) 22... b4 $1 {><b3,d4} 23. Be3 Bxe3 24. Qxe3 $2 (24. Nxe3 Rab8 (
24... bxc3 $2 25. Qd3) 25. Qc2 a5) 24... Rab8 25. Rb2 Red8 26. Rc1 a5 27. Qc5
$2 Rd3 $1 (27... Nd7 28. Qe3 Nf6 $10) 28. cxb4 $8 Rxb4 29. Qxc6 Qxc6 30. Rxc6
Rxf3 (30... Bxb3 31. Nc3 $10) 31. Rxe6 (31. Kxf3 Bg4+ 32. Kg2 Bxd1 33. Rc5 Nxe4
34. Rxe5 Nc3 35. Rxa5 Bxb3 $19) 31... Rd3 32. Rxe5 Rxd1 33. Rxa5 $2 (33. f3)
33... Rd3 $2 (33... Nxe4 $1 $19) 34. f3 Rbxb3 35. Rxb3 Rxb3 36. g4 Nd7 (36...
Kf8 $1) 37. Rd5 Rb7 38. h5 Kf8 (38... f6) 39. Kg3 Ke7 40. g5 hxg5 41. Rxg5 Kf8
42. Rf5 Ra7 43. a5 Kg8 44. Rb5 Kh7 45. e5 Kg8 46. f4 Kf8 47. Kg4 Ke7 48. Kg5
Ra6 49. f5 Kf8 50. f6 Kg8 (50... gxf6+ {Hecht} 51. exf6 Rxf6 (51... Nxf6 52.
Rb6 Ne4+ 53. Kf4 Rxb6 54. axb6 Nc5 55. Kf5 Nd7 56. b7 Kg7 57. h6+ Kxh6 58. b8=Q
Nxb8 59. Kf6 $10) 52. Rb7 Rd6 53. a6 $10) 51. fxg7 Kxg7 52. Kf5 Rh6 53. Kg4 Re6
54. Kf5 Ra6 55. Kg4 Nf8 56. Kf5 Ne6 57. Ke4 Ra7 58. Rd5 Rc7 59. Rb5 Ra7 60. Rd5
Rb7 61. a6 Rb4+ 62. Ke3 Ra4 63. Rd6 Kh6 64. Rd7 Ng5 65. a7 Kxh5 66. Kd3 Kg6 67.
Kc2 Ne6 68. Kc3 Kg7 69. Rb7 Ra1 70. Kc4 Nd8 71. Rb8 Rxa7 72. Rxd8 Kg6 73. Kd4
Kf5 74. Re8 Rd7+ 75. Ke3 Rd5 76. Rf8 Rxe5+ 77. Kf3 Re7 78. Ra8 Rb7 79. Ra5+ Kg6
80. Ra6+ Kg5 81. Ra5+ f5 82. Ra3 1/2-1/2